| 000 | 00960nam a2200265 a 4500 | ||
|---|---|---|---|
| 001 | 000022780 | ||
| 005 | 20200930021807.0 | ||
| 008 | 101118s1998 sp 001 0 spa d | ||
| 020 | _a8449306051 | ||
| 040 |
_aDO-SdBNP _bspa _cBNPHU |
||
| 082 |
_a615.535 _bB931i |
||
| 100 | 1 |
_aBühring, Malte _946803 |
|
| 245 | 1 | 0 |
_aIntroducción a la medicina naturista : _blas bases científicas de las terapias naturales / _cMalte Bühring y Pablo Saz ; traducción Ursula Seibert. |
| 260 |
_aBarcelon : _bPaidós, _c1998. |
||
| 300 |
_a161 p. ; _c23 cm. |
||
| 490 | 1 |
_aCuerpo y salud _v35 |
|
| 500 | _aIncluye notas al pie de las páginas | ||
| 500 | _aIncluye índice analítico y de nombres | ||
| 500 | _aIncluye datos biográficos de los autores en la solapa de la contracubierta | ||
| 504 | _aBibliografía : p. 153-158 | ||
| 700 | 1 | 2 |
_aPablo Saz _946804 |
| 830 | 0 |
_aCuerpo y salud _n35 _946805 |
|
| 910 | _aValidado. Control de calidad MFF | ||
| 049 | _aBNGR | ||
| 999 |
_c22277 _d22277 |
||